Normal view
MARC view
Entry Personal Name
001 - CONTROL NUMBER
- control field: 166790
003 - CONTROL NUMBER IDENTIFIER
- control field: OSt
005 - DATE AND TIME OF LATEST TRANSACTION
- control field: 20220923222337.0
008 - FIXED-LENGTH DATA ELEMENTS
- fixed length control field: 220923|| aca||aabn | a|a d
040 ## - CATALOGING SOURCE
- Original cataloging agency: OSt
- Transcribing agency: OSt
100 ## - HEADING--PERSONAL NAME
- Personal name: त्रिपाठी, सूर्यकांत निराला, कैतव
670 ## - SOURCE DATA FOUND
- Source citation: Work cat.: (OSt)355311: त्रिपाठी, सूर्यकांत निराला, कैतव, रवीन्द्र-कविता-कानन, 1954
